| Tag |
First Indicator |
Second Indicator |
Subfields |
| LEADER |
00000cam a22000008a 4500 |
| 001 |
in00000923213 |
| 005 |
20150924162805.0 |
| 008 |
890419s1989 nyua b 00010 eng |
| 010 |
|
|
|a 89007911
|
| 020 |
|
|
|a 0824020103 (alk. paper) :
|c $80.00
|
| 035 |
|
|
|a (OCoLC)19672023
|
| 035 |
|
|
|9 AEP6508AM
|
| 040 |
|
|
|a DLC
|c DLC
|d TXA
|d UtOrBLW
|
| 049 |
|
|
|a TXAM
|c [A11569933]
|
| 050 |
0 |
0 |
|a ML410.S54
|b H7 1989
|
| 082 |
0 |
|
|a 784.2/184/092
|2 20
|
| 100 |
1 |
|
|a Howell, Tim.
|
| 245 |
1 |
0 |
|a Jean Sibelius :
|b progress techniques in the symphonies and tone poems /
|c Tim Howell.
|
| 263 |
|
|
|a 8909
|
| 264 |
|
1 |
|a New York :
|b Garland Pub.,
|c 1989.
|
| 300 |
|
|
|a v, 275 pages :
|b illustrations
|
| 336 |
|
|
|a text
|b txt
|2 rdacontent
|
| 337 |
|
|
|a unmediated
|b n
|2 rdamedia
|
| 338 |
|
|
|a volume
|b nc
|2 rdacarrier
|
| 490 |
1 |
|
|a Outstanding dissertations in music from British universities
|
| 504 |
|
|
|a Includes bibliographical references.
|
| 600 |
1 |
0 |
|a Sibelius, Jean,
|d 1865-1957.
|t Symphonies.
|
| 600 |
1 |
0 |
|a Sibelius, Jean,
|d 1865-1957.
|t Symphonic poems.
|
| 650 |
|
0 |
|a Symphony.
|
| 650 |
|
0 |
|a Symphonic poem.
|
| 830 |
|
0 |
|a Outstanding dissertations in music from British universities.
|
| 999 |
|
|
|a MARS
|
| 999 |
f |
f |
|s 2d62cb1d-d96a-3ffa-bd57-cba27d72dd5e
|i 75ada5b2-8216-37de-9ae4-3344e595b312
|t 0
|
| 952 |
f |
f |
|p ric
|a Texas A&M University
|b Rellis Campus
|c Joint Library Facility
|d Remote Storage
|t 0
|e ML410.S54 H7 1989
|h Library of Congress classification
|i unmediated -- volume
|m A14811569933
|
| 998 |
f |
f |
|a ML410.S54 H7 1989
|t 0
|l Remote Storage
|